| 000 | 02523nam a22003975i 4500 | ||
|---|---|---|---|
| 001 | 22836581 | ||
| 005 | 20250602145707.0 | ||
| 008 | 221020s2023 mau 000 0 eng | ||
| 010 | _a 2022948465 | ||
| 020 | _a9781614295655 | ||
| 037 | _cTB | ||
| 040 |
_aCRL _beng _erda _cCRL _dCRL |
||
| 042 | _apcc | ||
| 084 |
_aQ4:23 R3 _qCRL |
||
| 100 | 1 |
_aNyingpo, Pabongkha Dechen, _eauthor. _9811411 |
|
| 245 | 1 | 4 |
_aSecret Revelations of Chintamani Tara : _bGeneration and completion stage practice and commentary |
| 250 | _aFirst wisdom edition. | ||
| 260 |
_aSomerville, USA: _bWisdom Publications, _c2023. |
||
| 263 | _a2304 | ||
| 264 | 1 | _c2023. | |
| 300 | _aviii, 260p. cm | ||
| 336 |
_atext _btxt _2rdacontent |
||
| 337 |
_aunmediated _bn _2rdamedia |
||
| 338 |
_avolume _bnc _2rdacarrier |
||
| 365 |
_b49.95 _cUSD |
||
| 490 | 0 | _aDechen ling practice series | |
| 520 |
_a"In this book, beloved teacher Pabongkha Rinpoche shares the teachings that his teacher, Gargyi Wangpo Takphu Dorje Chang, received directly from Chittamani Tara herself. Secret Revelations of Chittamani Tara contains many profound oral instructions that are not easily found elsewhere, including one of the most powerful and practical discourses on the completion stage to be found anywhere in English translation. Rinpoche has supplemented his commentary with teachings from the Gaden Hearing Lineage as well as the general tantric teachings of the Gelug tradition. Also included are the Chittamani Tara self-generation sadhana, the ganachakra offering for Chittamani Tara, and three beautiful and moving praises and prayers to Tara composed by masters in the tradition. Lovingly translated by the scholar-monk David Gonsalez, Secret Revelations of Chittamani Tara is a guiding force leading all living beings to the state of Arya Tara. The material in this book is restricted. This book may be read only by those who have received an empowerment into any of the four classes of tantra. In order to practice this material, you must have received both the common and uncommon Chittamani Tara empowerments"-- _cProvided by publisher. |
||
| 650 | _aReligion | ||
| 650 | _aBuddhism | ||
| 650 |
_aTantra _9438261 |
||
| 700 | 1 |
_aGonsalez, David _etranslator. _9811412 |
|
| 906 |
_a0 _bibc _corignew _d2 _eepcn _f20 _gy-gencatlg |
||
| 942 |
_2CC _cTB _hQ4:23 R3 _n0 |
||
| 999 |
_c1431306 _d1431306 |
||